Guess These Countries Capitals #2 - Statistics

General Stats
  • This quiz has been taken 22 times
  • The average score is 10 of 15
Answer Stats
Country Answer % Correct
Israel Jerusalem
95%
Philippines Manila
95%
North Korea Pyongyang
95%
Tunisia Tunis
95%
New Zealand Wellington
90%
Andorra Andorra La Vella
80%
Colombia Bogota
80%
Qatar Doha
75%
Oman Muscat
75%
Bangladesh Dhaka
65%
Fiji Suva
55%
Barbados Bridgetown
40%
Sri Lanka Colombo
40%
Turkey Ankara
35%
Lesotho Maseru
25%
No matching quizzes found
Score Distribution
Percent of People with Each Score
Percentile by Number Answered
Your Score History
You have not taken this quiz